[Event "IBCA Wch blind U20"]
[Site "Podgorica"]
[Date "2015.08.26"]
[Round "7"]
[White "Koumtzis, Argirios"]
[Black "Adiyaman, Rene"]
[Result "0-1"]
[WhiteElo "1770"]
[BlackElo "1834"]
[PlyCount "140"]
[EventDate "2015.08.20"]
[EventType "swiss"]
[EventRounds "9"]
[EventCountry "MNE"]
[SourceTitle "EXT 2017"]
[Source "ChessBase"]
[SourceDate "2016.10.25"]
[SourceVersion "1"]
[SourceVersionDate "2016.10.25"]
[SourceQuality "1"]

1. d4 Nf6 2. Nf3 d5 3. c4 c6 4. Nc3 dxc4 5. a4 Bf5 6. Ne5 Nbd7 7. Nxc4 Nb6 8. Ne5 a5 9. f3 Nfd7 10. Nd3 Bxd3 11. Qxd3 e6 12. e4 Bb4 13. Be3 0-0 14. Be2 Rc8 15. 0-0 Qe7 16. Rfd1 c5 17. e5 cxd4 18. Bxd4 Nc4 19. f4 Nxb2 20. Nd5 Nxd3 21. Nxe7+ Bxe7 22. Rxd3 Bc5 23. Rb1 Bb4 24. Be3 Rc7 25. Rbd1 Nb8 26. Bf3 Nc6 27. Bb6 Re7 28. Rd7 g6 29. Rxe7 Bxe7 30. Rd7 Rb8 31. Bxc6 bxc6 32. Rxe7 Rxb6 33. Ra7 Rb4 34. Rxa5 Rxf4 35. Ra8+ Kg7 36. a5 Ra4 37. a6 c5 38. Kf2 c4 39. a7 Kh6 40. Ke3 Ra3+ 41. Kf4 c3 42. Rc8 g5+ 43. Kg4 Rxa7 44. Rxc3 Ra4+ 45. Kf3 Kg6 46. Rc7 Rf4+ 47. Ke3 Rf5 48. Rc5 f6 49. Rc7 Rxe5+ 50. Kf3 h5 51. Re7 Kf5 52. h3 Ra5 53. g3 g4+ 54. hxg4+ hxg4+ 55. Kf2 Ra2+ 56. Kf1 e5 57. Rb7 Rd2 58. Rb5 Ke4 59. Rb6 f5 60. Rb4+ Rd4 61. Rb3 Rd3 62. Rb4+ Kf3 63. Ke1 Kxg3 64. Kf1 e4 65. Ke2 Kf4 66. Kf2 g3+ 67. Kg2 Rd2+ 68. Kg1 Kf3 69. Rb3+ e3 70. Rb1 e2 0-1

[Event "IBCA Wch blind U20"]
[Site "Podgorica"]
[Date "2015.08.23"]
[Round "4"]
[White "Koumtzis, Argirios"]
[Black "Dimic, Pavle"]
[Result "0-1"]
[WhiteElo "1770"]
[BlackElo "2305"]
[PlyCount "100"]
[EventDate "2015.08.20"]
[EventType "swiss"]
[EventRounds "9"]
[EventCountry "MNE"]
[SourceTitle "EXT 2017"]
[Source "ChessBase"]
[SourceDate "2016.10.25"]
[SourceVersion "1"]
[SourceVersionDate "2016.10.25"]
[SourceQuality "1"]

1. d4 Nf6 2. c4 g6 3. Nc3 Bg7 4. e4 d6 5. Nf3 0-0 6. h3 e5 7. d5 Na6 8. Bg5 Qe8 9. g4 Kh8 10. Nd2 Ng8 11. h4 f6 12. Be3 f5 13. gxf5 gxf5 14. exf5 Bxf5 15. Nde4 Nf6 16. Ng3 Bd7 17. Be2 Qc8 18. f3 Qe8 19. h5 Rg8 20. Nce4 Nxe4 21. Nxe4 Qf7 22. b4 Bf8 23. Qd2 Be7 24. 0-0-0 Rg2 25. a3 Rag8 26. Rdf1 Qf5 27. Qd3 Nb8 28. Kd1 Ba4+ 29. Ke1 Nd7 30. h6 Qg6 31. Rfg1 Bh4+ 32. Kd2 Rxg1 33. Rxg1 Qf7 34. Qb1 Nf8 35. b5 Rxg1 36. Qxg1 a6 37. Qg4 Be7 38. Ng5 Qe8 39. Nxh7 Ng6 40. Ng5 axb5 41. Qe6 bxc4 42. Nf7+ Kh7 43. Bxc4 Bd7 44. Ng5+ Bxg5 45. Qxe8 Bxe3+ 46. Kxe3 Bxe8 47. Bd3 Kxh6 48. Kd2 Kg5 49. Kc3 Kf4 50. Be4 Nh4 0-1

[Event "IBCA Wch blind U20"]
[Site "Podgorica"]
[Date "2015.08.21"]
[Round "2"]
[White "Koumtzis, Argirios"]
[Black "Eichstaedt, Mirko"]
[Result "0-1"]
[WhiteElo "1770"]
[BlackElo "1997"]
[PlyCount "92"]
[EventDate "2015.08.20"]
[EventType "swiss"]
[EventRounds "9"]
[EventCountry "MNE"]
[SourceTitle "EXT 2017"]
[Source "ChessBase"]
[SourceDate "2016.10.25"]
[SourceVersion "1"]
[SourceVersionDate "2016.10.25"]
[SourceQuality "1"]

1. e4 e5 2. Nf3 Nc6 3. Bb5 a6 4. Ba4 Nf6 5. 0-0 Be7 6. Re1 b5 7. Bb3 0-0 8. c3 d6 9. h3 Re8 10. d4 Bb7 11. Nbd2 Bf8 12. a3 g6 13. d5 Nb8 14. Ba2 Nbd7 15. b4 Nb6 16. Nb3 c6 17. Na5 Qc7 18. Be3 cxd5 19. Nxb7 Qxb7 20. Bxb6 dxe4 21. Ng5 d5 22. Ba5 Rac8 23. f3 h6 24. fxe4 hxg5 25. exd5 Rxc3 26. Rf1 Bg7 27. d6 Rg3 28. Qd2 Qd7 29. Kh2 Rxa3 30. Bxf7+ Kxf7 31. Rxa3 Re6 32. Bc7 Kg8 33. Rxa6 Kh7 34. Rd1 g4 35. Qe3 Bh6 36. Qb3 gxh3 37. Qxh3 Nh5 38. Ra7 Bf4+ 39. Kg1 Kh6 40. Bb8 Qc6 41. Qxe6 Qb6+ 42. Kh1 Ng3+ 43. Kh2 Ne4+ 44. Kh1 Nf2+ 45. Kg1 Nh3+ 46. Kh1 Qg1+ 0-1

[Event "IBCA Wch blind 13th"]
[Site "Katerini"]
[Date "2014.05.12"]
[Round "7"]
[White "Harnandan, Sergio"]
[Black "Koumtzis, Argirios"]
[Result "1-0"]
[WhiteElo "1953"]
[BlackElo "1741"]
[PlyCount "65"]
[EventDate "2014.05.05"]
[EventType "swiss"]
[EventRounds "9"]
[EventCountry "GRE"]
[SourceTitle "CBM 160 Extra"]
[Source "ChessBase"]
[SourceDate "2014.07.01"]
[SourceVersion "1"]
[SourceVersionDate "2014.07.01"]
[SourceQuality "1"]

1. d4 d5 2. c4 dxc4 3. a4 c5 4. e3 cxd4 5. Bxc4 e5 6. Qb3 Qe7 7. Bd2 Be6 8. Bxe6 Qxe6 9. Qxe6+ fxe6 10. Nf3 Nc6 11. Na3 Bc5 12. Nc4 Nf6 13. Ncxe5 Nxe5 14. Nxe5 dxe3 15. Bxe3 Bxe3 16. fxe3 Rc8 17. 0-0 Rc2 18. Rac1 Rxc1 19. Rxc1 0-0 20. Rc7 Nd5 21. Rxb7 Nxe3 22. h3 Rf1+ 23. Kh2 Rf5 24. Nc6 Rf2 25. Kg3 Rd2 26. Nxa7 e5 27. b4 g5 28. Kf3 Nc4 29. a5 e4+ 30. Kxe4 Rb2 31. Rb8+ Kg7 32. Nc6 Rc2 33. a6 1-0

[Event "IBCA Wch blind U20"]
[Site "Belgrade"]
[Date "2013.08.28"]
[Round "6"]
[White "Koumtzis, Argirios"]
[Black "Adiyaman, Rene"]
[Result "1-0"]
[WhiteElo "1637"]
[BlackElo "1822"]
[PlyCount "69"]
[EventDate "2013.08.22"]
[EventType "swiss"]
[EventRounds "9"]
[EventCountry "SRB"]
[SourceTitle "EXT 2015"]
[Source "ChessBase"]
[SourceDate "2014.11.20"]
[SourceVersion "1"]
[SourceVersionDate "2014.11.20"]
[SourceQuality "1"]

1. d4 d5 2. c4 c6 3. Nf3 Nf6 4. Nc3 dxc4 5. a4 Bf5 6. e3 e6 7. Bxc4 Bb4 8. 0-0 Nbd7 9. Qe2 Bg4 10. Rd1 0-0 11. e4 Qa5 12. h3 Bxf3 13. Qxf3 e5 14. d5 Nb6 15. Bf1 Bxc3 16. bxc3 cxd5 17. exd5 Nbxd5 18. c4 e4 19. Qf5 Qc3 20. Bd2 Ne7 21. Qc5 Qc2 22. Qa3 e3 23. Bd3 Qxd2 24. Rxd2 exd2 25. Qxe7 Rfe8 26. Qb4 Ne4 27. Bxe4 Rxe4 28. Rd1 a5 29. Qc3 Rae8 30. Rxd2 b6 31. Rd6 R4e6 32. Qd4 h6 33. Qxb6 Re1+ 34. Kh2 R1e4 35. Rd8 1-0

[Event "IBCA Wch blind U20"]
[Site "Belgrade"]
[Date "2013.08.26"]
[Round "5"]
[White "Czajkowski, Adam"]
[Black "Koumtzis, Argirios"]
[Result "1-0"]
[WhiteElo "1933"]
[BlackElo "1637"]
[PlyCount "45"]
[EventDate "2013.08.22"]
[EventType "swiss"]
[EventRounds "9"]
[EventCountry "SRB"]
[SourceTitle "EXT 2015"]
[Source "ChessBase"]
[SourceDate "2014.11.20"]
[SourceVersion "1"]
[SourceVersionDate "2014.11.20"]
[SourceQuality "1"]

1. e4 c5 2. Nf3 e6 3. d4 cxd4 4. Nxd4 Nf6 5. Nc3 d6 6. g4 h6 7. h4 Nc6 8. Rg1 h5 9. g5 Ng4 10. Be2 Qb6 11. Bxg4 hxg4 12. Nxc6 bxc6 13. Qxg4 g6 14. b3 Bg7 15. Bd2 Qc5 16. Rg3 d5 17. 0-0-0 Ba6 18. exd5 cxd5 19. Qa4+ Ke7 20. Nxd5+ Kd8 21. Bb4 Qxf2 22. Ne3+ Kc7 23. Qd7+ 1-0

[Event "IBCA Wch blind U20"]
[Site "Belgrade"]
[Date "2013.08.24"]
[Round "3"]
[White "Amores Cano, Victor"]
[Black "Koumtzis, Argirios"]
[Result "1/2-1/2"]
[WhiteElo "1736"]
[BlackElo "1637"]
[PlyCount "135"]
[EventDate "2013.08.22"]
[EventType "swiss"]
[EventRounds "9"]
[EventCountry "SRB"]
[SourceTitle "EXT 2015"]
[Source "ChessBase"]
[SourceDate "2014.11.20"]
[SourceVersion "1"]
[SourceVersionDate "2014.11.20"]
[SourceQuality "1"]

1. c4 e6 2. Nc3 b6 3. Nf3 Bb7 4. g3 Bb4 5. Bg2 Nf6 6. a3 Bxc3 7. bxc3 0-0 8. 0-0 d6 9. d3 Nbd7 10. Nh4 Bxg2 11. Nxg2 e5 12. a4 a5 13. Qc2 Nc5 14. Bg5 h6 15. Bxf6 Qxf6 16. f4 Rae8 17. fxe5 Qxe5 18. Ra2 Qe6 19. Rf3 g5 20. d4 Ne4 21. d5 Qe5 22. Ra1 Re7 23. Raf1 f5 24. Ne3 Ref7 25. g4 Qxc3 26. Qxc3 Nxc3 27. Nxf5 Nxe2+ 28. Kf2 Rxf5 29. Rxf5 Rxf5+ 30. gxf5 Nc3 31. Re1 Nxa4 32. Re7 Nc5 33. Rxc7 a4 34. Kg3 h5 35. Kf3 Nd3 36. Ra7 Ne5+ 37. Ke2 Nxc4 38. Rxa4 Ne5 39. Rb4 Nd7 40. h4 g4 41. Ke3 Nf6 42. Rb5 Kf7 43. Kf4 Ke7 44. Kg5 g3 45. Rxb6 Nxd5 46. Rb7+ Kf8 47. Rb3 g2 48. Rg3 Kf7 49. Rxg2 Nf6 50. Ra2 Ne4+ 51. Kf4 Nc5 52. Ra7+ Kf6 53. Ra5 Nd3+ 54. Ke4 Nc5+ 55. Kd5 Ke7 56. Ra7+ Kf6 57. Rh7 Kxf5 58. Rxh5+ Kg4 59. Rh8 Nd3 60. Kxd6 Nf4 61. Re8 Kxh4 62. Re4 Kg3 63. Ke5 Nd3+ 64. Kf5 Kf3 65. Rh4 Ke3 66. Rh3+ Kd4 67. Rh4+ Ke3 68. Ke6 1/2-1/2

[Event "GRE-ch U18"]
[Site "Chania"]
[Date "2013.01.08"]
[Round "9.10"]
[White "Hnaras, Foivos"]
[Black "Koumtzis, Argirios"]
[Result "1-0"]
[WhiteElo "1875"]
[BlackElo "1628"]
[PlyCount "75"]
[EventDate "2013.01.02"]
[EventType "swiss"]
[EventRounds "9"]
[EventCountry "GRE"]
[SourceTitle "EXT 2024"]
[Source "ChessBase"]
[SourceDate "2023.10.10"]
[SourceVersion "1"]
[SourceVersionDate "2023.10.10"]
[SourceQuality "1"]

1. d4 e6 2. c4 Bb4+ 3. Bd2 Bxd2+ 4. Qxd2 Nf6 5. Nc3 d5 6. e3 0-0 7. Nf3 Qe7 8. Bd3 Rd8 9. cxd5 exd5 10. 0-0 Nc6 11. a3 Bg4 12. Ne1 Rd6 13. h3 Bh5 14. Nc2 Na5 15. Qe1 Nb3 16. Rb1 Bg6 17. Bxg6 hxg6 18. Na1 Nxa1 19. Rxa1 g5 20. Qe2 Qd7 21. Rac1 a6 22. g4 Re8 23. Qf3 Ne4 24. Nxe4 Rxe4 25. Rc5 Rh6 26. Kg2 Rh4 27. Rfc1 c6 28. Qe2 Qe6 29. Re1 f5 30. f3 fxg4 31. fxe4 Qxe4+ 32. Kg1 gxh3 33. Kh2 g4 34. Rg1 Rh6 35. Qxg4 Qe7 36. Rcc1 Qd6+ 37. Qg3 Rg6 38. Qxd6 1-0

[Event "IBCA Wch U20 blind 5th"]
[Site "Uppsala"]
[Date "2009.06.24"]
[Round "7"]
[White "Koumtzis, Argirios"]
[Black "Pourali, Vahideh"]
[Result "1-0"]
[WhiteElo "1015"]
[BlackElo "1700"]
[PlyCount "37"]
[EventDate "2009.06.20"]
[EventType "swiss"]
[EventRounds "7"]
[EventCountry "SWE"]
[SourceTitle "EXT 2010"]
[Source "ChessBase"]
[SourceDate "2010.11.25"]
[SourceVersion "1"]
[SourceVersionDate "2010.11.25"]
[SourceQuality "1"]

1. d4 e6 2. c4 Nf6 3. Nf3 d5 4. g3 Bb4+ 5. Bd2 Bxd2+ 6. Nbxd2 Nc6 7. Bg2 b6 8. Qa4 Qd6 9. Ne5 Bd7 10. Nxd7 Qxd7 11. Nf3 dxc4 12. Qxc4 0-0 13. 0-0 Rad8 14. e3 Ne7 15. Ne5 Qd6 16. Rac1 Ned5 17. Nc6 Ra8 18. e4 Ne7 19. e5 1-0

[Event "IBCA Wch U20 blind 5th"]
[Site "Uppsala"]
[Date "2009.06.23"]
[Round "5"]
[White "Koumtzis, Argirios"]
[Black "Marcin, Stefan"]
[Result "1-0"]
[WhiteElo "1015"]
[BlackElo "1350"]
[PlyCount "107"]
[EventDate "2009.06.20"]
[EventType "swiss"]
[EventRounds "7"]
[EventCountry "SWE"]
[SourceTitle "EXT 2010"]
[Source "ChessBase"]
[SourceDate "2010.11.25"]
[SourceVersion "1"]
[SourceVersionDate "2010.11.25"]
[SourceQuality "1"]

1. d4 d5 2. c4 e6 3. Nf3 h6 4. g3 Nf6 5. Bg2 Be7 6. 0-0 0-0 7. Qc2 c6 8. Nbd2 Nbd7 9. e4 dxe4 10. Nxe4 Nxe4 11. Qxe4 Nf6 12. Qc2 Qd7 13. Be3 b6 14. Ne5 Qc7 15. Nxc6 Bb7 16. Nxe7+ Qxe7 17. Bxb7 Qxb7 18. Qe2 Rac8 19. Rfd1 Rfd8 20. Rac1 Rc6 21. Qf3 Rc7 22. Qxb7 Rxb7 23. Rc2 Rc8 24. c5 Rc6 25. Rdc1 Rbc7 26. Rc3 Nd5 27. Rc4 Kf8 28. b3 Rc8 29. cxb6 Rxc4 30. Rxc4 Rxc4 31. bxc4 Nxb6 32. d5 Nxc4 33. Bc5+ Ke8 34. dxe6 fxe6 35. Bxa7 Kd7 36. Bc5 g6 37. Bf8 h5 38. Kg2 Kc6 39. Kf3 g5 40. Be7 Nd2+ 41. Ke2 Ne4 42. Ke3 Nc3 43. Bxg5 Nxa2 44. Kd4 Kd7 45. Bd2 Kd6 46. Kc4 Ke5 47. Kb3 Ke4 48. Kxa2 Kf3 49. Be3 Kg2 50. Kb3 Kxh2 51. Kc4 Kh3 52. Kd4 h4 53. gxh4 Kxh4 54. Ke5 1-0

[Event "IBCA Wch U20 blind 5th"]
[Site "Uppsala"]
[Date "2009.06.21"]
[Round "3"]
[White "Saikrishna, ST."]
[Black "Koumtzis, Argirios"]
[Result "1-0"]
[WhiteElo "1701"]
[BlackElo "1015"]
[PlyCount "79"]
[EventDate "2009.06.20"]
[EventType "swiss"]
[EventRounds "7"]
[EventCountry "SWE"]
[SourceTitle "EXT 2010"]
[Source "ChessBase"]
[SourceDate "2010.11.25"]
[SourceVersion "1"]
[SourceVersionDate "2010.11.25"]
[SourceQuality "1"]

1. Nf3 d5 2. g3 g6 3. Bg2 Bg7 4. d4 c5 5. c3 cxd4 6. cxd4 Nf6 7. Nc3 0-0 8. 0-0 Nc6 9. Bf4 Qb6 10. Qd2 Bf5 11. Rfd1 Ne4 12. Nxe4 dxe4 13. Ne5 Nxe5 14. Bxe5 Bxe5 15. dxe5 Rad8 16. Qc3 Rc8 17. Qd4 Rfd8 18. Qxb6 Rxd1+ 19. Rxd1 axb6 20. h3 h5 21. Rd5 Rc2 22. Rb5 Rxe2 23. Rxb6 Re1+ 24. Kh2 Re2 25. Kg1 Re1+ 26. Kh2 Bc8 27. Rb4 e3 28. fxe3 Rxe3 29. Bxb7 Be6 30. a4 Re2+ 31. Kg1 Bxh3 32. a5 Rxe5 33. Ra4 Bd7 34. Ra3 Rc5 35. a6 Bc8 36. Bxc8 Rxc8 37. a7 Ra8 38. b4 e5 39. b5 e4 40. b6 1-0

[Event "IBCA-ol blind 13th"]
[Site "Heraklion"]
[Date "2008.10.25"]
[Round "6.1"]
[White "Bremer, Erik"]
[Black "Koumtzis, Argirios"]
[Result "0-1"]
[WhiteElo "1400"]
[BlackElo "1400"]
[PlyCount "42"]
[EventDate "2008.10.19"]
[EventType "team-swiss"]
[EventRounds "9"]
[EventCountry "GRE"]
[SourceTitle "EXT 2010"]
[Source "ChessBase"]
[SourceDate "2010.11.25"]
[SourceVersion "1"]
[SourceVersionDate "2010.11.25"]
[SourceQuality "1"]
[WhiteTeam "Denmark (blind)"]
[BlackTeam "Greece (blind) II"]
[WhiteTeamCountry "DEN"]
[BlackTeamCountry "GRE"]

1. e4 e6 2. d4 d5 3. e5 c5 4. c3 Nc6 5. f4 Nge7 6. Nf3 Nf5 7. g4 Nh4 8. Be3 Nxf3+ 9. Qxf3 Be7 10. dxc5 d4 11. Bf2 Bxc5 12. Bb5 Bd7 13. 0-0 Qb6 14. Qe2 0-0 15. Bd3 dxc3 16. Nxc3 Nd4 17. Qe4 g6 18. Na4 Bxa4 19. Rac1 Bc6 20. Rxc5 Bxe4 21. Rb5 Nf3+ 0-1